000 00720nam0a22002531 4500
001 rc\35987
005 20250612175603.0
035 _a(NLR Aleph) 008766061
090 _a7894860
_c7894860
100 _a20021216d1991 |||y0rusy50 ca
101 0 _arus
102 _aRU
105 _ay |||||||||
200 1 _aБлагая весть
_e[Отр. из Евангелия от Иоанна
205 _aРепринт. изд.]
210 _aМ.
_cПротестант
_d1991
215 _a47 с.
_d20
605 _aБиблия
_iНовый завет
_2nlr_sh1
801 0 _aRU
_bNLR
_gpsbo
801 1 _aRU
_bELAR
_2rusmarc
801 2 _aRU
_bNLR
_c20050523
_2rusmarc
852 _aNLR
_j91-4/14404
942 _cBOOK
980 _aNB